К изучению торфов Томского района; Вестник Западно-Сибирского геологического управления; № 6

التفاصيل البيبلوغرافية
Parent link:Вестник Западно-Сибирского геологического управления: [сборник статей]/ Западно-Сибирское геологическое управление.— , 1938-1947
№ 6.— 1947.— С. 59-65.
المؤلف الرئيسي: Геблер И. В. Иннокентий Васильевич
اللغة:الروسية
منشور في: 1947
الموضوعات:
التنسيق: MixedMaterials فصل الكتاب
KOHA link:https://koha.lib.tpu.ru/cgi-bin/koha/opac-detail.pl?biblionumber=261017

MARC

LEADER 00000naa2a2200000 4500
001 261017
005 20231101233528.0
035 |a (RuTPU)RU\TPU\book\283989 
035 |a RU\TPU\tpu\2092 
090 |a 261017 
100 |a 20140520d1947 k y0rusy50 ca 
101 0 |a rus 
102 |a RU 
200 1 |a К изучению торфов Томского района  |f И. В. Геблер 
461 0 |0 (RuTPU)RU\TPU\book\252909  |t Вестник Западно-Сибирского геологического управления  |o [сборник статей]  |f Западно-Сибирское геологическое управление  |d 1938-1947 
463 1 |0 (RuTPU)RU\TPU\book\282536  |t № 6  |f отв. ред. Н. С. Мамлин  |v С. 59-65.  |d 1947  |p 68 с. 
610 1 |a геолого-географические науки 
610 1 |a труды учёных ТПУ 
700 1 |a Геблер  |b И. В.  |c советский инженер-технолог  |c профессор ТПИ  |f 1885-1963  |g Иннокентий Васильевич  |2 stltpush  |3 (RuTPU)RU\TPU\pers\21860  |9 9198 
801 0 |a RU  |b 63413507  |c 20011210  |g PSBO 
801 2 |a RU  |b 63413507  |c 20150512  |g PSBO 
942 |c BK